000 00729nam a2200217Ia 4500
003 GCL
008 140319s9999 xx 000 0 ara d
040 _aGCL /
_cGCL
082 0 4 _a370.15
_bا ط
100 1 _aادارة الثقافة العامة بوزارة ال
245 1 0 _aطفلك وفنه /
_cادارة الثقافة العامة بوزارة ال
260 _a[S.N] :
_bالمجلس الاعلى لرعاية الفنون والاداب
300 _a283 ص
490 _aالالف كتاب
_v0
650 0 4 _aالاطفال
650 0 4 _aعلم النفس
650 0 4 _aعلم النفس التربوى
650 0 4 _aالاباء والابناء
650 0 4 _aرسوم الاطفال
942 _2ddc
_cBK
999 _c28372
_d28372